AS History (Tudors) - Statistics

General Stats
  • This quiz has been taken 454 times
  • The average score is 5 of 15
Answer Stats
Hint Answer % Correct
Catherine of Aragon's first husband Arthur Tudor
80%
Wife of Henry VIII that provided him with a son Jane Seymour
76%
England's greatest export under Henry VII Cloth/Wool
57%
Year the dissolution of the monasteries began 1536
52%
Used against nobility during Henry VII's reign, bonds and _______ Recognisances
39%
Customs duties, otherwise known as tonnage and ________ Poundage
34%
Wolsey was made ______ _______ by the Pope Papal Legate
30%
Battle of Pavia date 1525
29%
Edward, John, Richard de la Pole
25%
1534; under Henry VIII, Act Annexing first ______ and Tenths to the Crown Fruits
24%
Cromwell broke with Rome, the Pope attempted to create a _______ against England Crusade
21%
Form of government that Henry switched to the Chamber from the _________ Exchequer
16%
1542; battle between England and Scotland, resulting in an English faction taking control of the Scots Solway Moss
15%
Nickname for Henry VIII's powerful friends 'Minions'
12%
Secret Treaty of _______ Windsor
6%
No matching quizzes found
Score Distribution
Percent of People with Each Score
Percentile by Number Answered
Your Score History
You have not taken this quiz